000 00989nam a22002657a 4500
001 5676
003 FISKH
005 20250113110117.0
008 250113b cb ||||| |||| 00| 0 eng d
020 _a9781459802230
040 _aFISKH
_beng
_cFISKH
_dFISKH
050 _aHD1691.M84
082 _a333.91
100 _aMulder, Michelle
245 _aEvery last drop :
_bBringing clean water home/
_cby Michelle Mulder
250 _aFirst published in the United States, 2014
260 _aVictoria :
_bOrca Book Publishers ;
_c2014.
300 _a48 pages :
_bcolor illustrations ;
_c26 cm .
490 _aOrca Footprints
_vBook 4
520 _aLooks at why the world's water resources are at risk and how communities around the world are finding innovative ways to quench their thirst and water their crops.
650 _awater quality management
_vjuvenile literature
650 _awater resources developement
_vjuvenile literature
942 _2ddc
_cBK
_n0
999 _c5676
_d5676